Dhvanivijnanar bhumika (Record no. 2404)
[ view plain ]
| 000 -LEADER | |
|---|---|
| fixed length control field | 00489cam a2200193ua 4500 |
| 008 - FIXED-LENGTH DATA ELEMENTS--GENERAL INFORMATION | |
| fixed length control field | 110912n ii |||gr||||Z||||||asm |
| 040 ## - CATALOGING SOURCE | |
| Transcribing agency | MAIN |
| 082 ## - DEWEY DECIMAL CLASSIFICATION NUMBER | |
| Classification number | 414.8 |
| 100 ## - MAIN ENTRY--PERSONAL NAME | |
| Personal name | Goswami, Gulok Chandra, |
| 245 1# - TITLE STATEMENT | |
| Title | Dhvanivijnanar bhumika |
| Statement of responsibility, etc. | by Gulok Chandra Goswami |
| 250 ## - EDITION STATEMENT | |
| Edition statement | 1st. |
| 260 ## - PUBLICATION, DISTRIBUTION, ETC. | |
| Place of publication, distribution, etc. | guahati: |
| Name of publisher, distributor, etc. | Bani prakash,966. |
| 300 ## - PHYSICAL DESCRIPTION | |
| Extent | 208p: |
| Dimensions | 23cm. |
| 942 ## - ADDED ENTRY ELEMENTS (KOHA) | |
| Koha item type | Books |
| 653 ## - INDEX TERM--UNCONTROLLED | |
| Uncontrolled term | Assamese language |
| 653 ## - INDEX TERM--UNCONTROLLED | |
| Uncontrolled term | Assamese language |
| 653 ## - INDEX TERM--UNCONTROLLED | |
| Uncontrolled term | Dhvanivijnanar bhumika |
| Withdrawn status | Lost status | Damaged status | Not for loan | Home library | Current library | Shelving location | Date acquired | Total Checkouts | Full call number | Barcode | Date last seen | Date last checked out | Copy number | Price effective from | Koha item type |
|---|---|---|---|---|---|---|---|---|---|---|---|---|---|---|---|
| Central Library, Naharkatiya College | Central Library, Naharkatiya College | General Stacks | 19/09/2020 | 1 | 414.8 | GOS | 8137 | 19/10/2024 | 05/10/2024 | 1 | 19/09/2020 | Books |
